GeoGebra as a stimulating tool in the course "computer geometry"

Guardado en:
Detalles Bibliográficos
Autor principal: Rakhimzhanova, Mira
Otros Autores: Kultan, Jaroslav, 1960-
Formato: Capítulo de libro
Lenguaje:inglés
Materias:
Etiquetas: Agregar Etiqueta
Sin Etiquetas, Sea el primero en etiquetar este registro!

MARC

LEADER 00000nla a2200000 4500
001 0234320
005 20240502073812.3
041 0 |a eng 
044 |a SK 
245 1 0 |a GeoGebra as a stimulating tool in the course "computer geometry"  |c Mira Rakhimzhanova, Jaroslav Kultan 
610 2 0 |a vzdelávanie 
610 2 0 |a informatika 
610 2 0 |a počítače 
610 2 0 |a učitelia 
610 2 0 |a študenti 
610 2 0 |a kurzy 
100 1 |a Rakhimzhanova, Mira 
700 1 |a Kultan, Jaroslav, 1960-